[Event "Challenge"]
[Site "http://www.queenalice.com/game.php?id=401688"]
[Date "2008.5.12"]
[Round "-"]
[White "Lu_pqd"]
[Black "llfs"]
[Result "0-1"]
[WhiteElo "1100"]
[BlackElo "1498"]

1. d4 d5 2. c3 e6 3. e3 Bd6 4. a3 Nf6 5. Bb5+ Bd7 6. Bxd7+ Nbxd7 7. Qf3 O-O 8.
h4 c6 9. h5 Ne4 10. h6 g6 11. b4 a6 12. Bb2 Nb6 13. a4 Nc4 14. Bc1 Ng5 15. Qg4
Ne5 16. dxe5 Bxe5 17. f4 f5 18. Qg3 Ne4 19. Qh3 Nxc3 20. fxe5 Ne4 21. Nf3 Qb6
22. Nh4 Qxb4+ 23. Bd2 Qb2 24. O-O Qxa1 25. Bc3 Qxa4 26. g4 Ng5 27. Qh2 fxg4 28.
Nxg6 hxg6 29. Qh4 Rxf1+ 30. Kxf1 Qd1+ 31. Be1 Rf8+ 32. Kg1 Nf3+ 33. Kh1 Nxh4 34.
Nc3 Qxe1+ 35. Kh2 Qxc3 36. Kg3 Nf5+ 37. Kxg4 Qxe3 38. h7+ Kf7 39. h8=Q Qg1+ 40.
Kf4 g5+ 41. Kf3 Nd4# 0-1

[Event "Challenge"]
[Site "http://www.queenalice.com/game.php?id=403770"]
[Date "2008.5.16"]
[Round "-"]
[White "Deco30"]
[Black "Lu_pqd"]
[Result "1-0"]
[WhiteElo "1487"]
[BlackElo "1200"]

1. d4 d5 2. c4 e6 3. Nc3 Bd7 4. Nf3 Nc6 5. e4 dxc4 6. Bxc4 h5 7. Nd2 Bd6 8. d5
Ne5 9. Bb3 b5 10. Qe2 Bc5 11. Nxb5 a6 12. Nc3 Qf6 13. Nd1 Bb5 14. Bc4 Nxc4 15.
Nxc4 Nh6 16. a4 Bd7 17. e5 exd5 18. exf6+ Be6 19. fxg7 Rh7 20. Bxh6 Ke7 21. Bg5+
f6 22. Bxf6+ Kxf6 23. Qe5+ Kf7 24. Qxc7+ Kg6 25. Ne5+ Kf6 26. Rc1 Bb4+ 27. Ke2
Rxg7 28. Qb6 Bf8 29. f4 Kf5 30. g3 d4 31. Qxd4 h4 32. Ne3+ Kf6 33. Nd7+ Ke7 34.
Rc7 Rc8 35. Rxc8 Bxd7 36. Nd5+ Ke6 37. Rxf8 Kd6 38. Qxg7 Bc6 39. Qe5+ Kc5 40.
Ne7+ Kc4 41. Nxc6 hxg3 42. hxg3 Kb3 43. Qc3+ Ka2 44. Nb4# 1-0

[Event "Challenge"]
[Site "http://www.queenalice.com/game.php?id=412764"]
[Date "2008.6.4"]
[Round "-"]
[White "roda"]
[Black "Lu_pqd"]
[Result "1-0"]
[WhiteElo "1827"]
[BlackElo "1100"]

1. c4 e5 2. d4 Nc6 3. d5 Nd4 4. e3 Nf5 5. Bd3 g6 6. Nf3 d6 7. e4 c6 8. exf5 gxf5
9. Ng5 f6 10. Qh5+ Kd7 11. Ne6 Qe7 12. Qxf5 cxd5 13. cxd5 Nh6 14. Bb5# 1-0

[Event "surprise"]
[Site "http://www.queenalice.com/game.php?id=425800"]
[Date "2008.7.1"]
[Round "-"]
[White "magrella"]
[Black "Lu_pqd"]
[Result "0-1"]
[WhiteElo "1178"]
[BlackElo "1301"]

1. e4 e5 2. Nf3 d6 3. d4 Nf6 4. Bd3 b6 5. h3 a5 6. b3 Nbd7 7. Bg5 Be7 8. Nc3 O-O
9. dxe5 dxe5 10. a3 h6 11. Bxf6 Nxf6 12. Nxe5 Qd6 13. Nc4 Qf4 14. Qe2 Bc5 15.
Nd5 Nxd5 16. exd5 Bd4 17. O-O Qg5 18. Qe4 g6 19. Qxd4 Bxh3 20. Qe4 f5 21. Ne3
fxe4 22. Bxe4 Rae8 23. Bd3 Rxe3 24. Rad1 Qxg2# 0-1

[Event "Challenge"]
[Site "http://www.queenalice.com/game.php?id=427830"]
[Date "2008.7.5"]
[Round "-"]
[White "Lu_pqd"]
[Black "italomachado"]
[Result "1-0"]
[WhiteElo "1177"]
[BlackElo "1417"]

1. d4 e5 2. Nf3 exd4 3. Qxd4 c5 4. Qe3+ Be7 5. Qf4 Qa5+ 6. Bd2 Qb6 7. Ne5 Qxb2
8. Qxf7+ Kd8 9. Bc3 Qb6 10. Nc4 Qa6 11. Nbd2 d5 12. Qxd5+ Nd7 13. Bxg7 Bf6 14.
Bxh8 Bxh8 15. Rb1 Nf6 16. Qg5 b5 17. Ne5 Qxa2 18. e4 Bb7 19. Bxb5 Nb8 20. O-O
Ke7 21. c4 a5 22. Qe3 Na6 23. Qc3 Rd8 24. Rb2 Nxe4 25. Nxe4 Bxe5 26. Qxe5+ Kf7
27. Ng5+ Kg6 28. Rxa2 Nb4 29. Rxa5 Nd3 30. Qe6+ Kxg5 31. Qe7+ Kg6 32. Qxd8 h5
33. Qxd3+ Kg5 34. h3 Bc8 35. Qd8+ Kf4 36. Qxc8 h4 37. g3+ hxg3 38. fxg3+ Kxg3
39. Qg4# 1-0

[Event "Revanche???"]
[Site "http://www.queenalice.com/game.php?id=440927"]
[Date "2008.7.29"]
[Round "-"]
[White "Lu_pqd"]
[Black "llfs"]
[Result "1-0"]
[WhiteElo "1336"]
[BlackElo "1534"]

1. e4 e5 2. Nf3 Nc6 3. Nc3 g6 4. Bc4 Nf6 5. Ng5 d5 6. exd5 Bg4 7. f3 Bh6 8. d3
Na5 9. fxg4 Qd7 10. Bb5 c6 11. dxc6 bxc6 12. Ba6 O-O 13. Rf1 Nxg4 14. Nce4 Nxh2
15. Nf6+ Kg7 16. Nxd7 Rfe8 17. Rxf7+ Kg8 18. Nf6+ Kh8 19. Rxh7# 1-0

[Event "Challenge"]
[Site "http://www.queenalice.com/game.php?id=442457"]
[Date "2008.8.2"]
[Round "-"]
[White "Grant_Lee_Buffalo"]
[Black "Lu_pqd"]
[Result "1-0"]
[WhiteElo "1770"]
[BlackElo "1402"]

1. e4 e5 2. Nf3 Nc6 3. Nc3 Nf6 4. a3 a5 5. Bc4 Be7 6. d3 O-O 7. O-O Bc5 8. h3 d6
9. Na4 Ba7 10. Re1 h6 11. Be3 Bxe3 12. Rxe3 Ne8 13. Qd2 Qf6 14. Nh2 Qg6 15. Rg3
Qh5 16. Nc3 Nf6 17. Nd5 Nd7 18. Nxc7 Rb8 19. Nd5 b5 20. Ba2 Nd4 21. Re1 Bb7 22.
c3 Ne6 23. b4 a4 24. Ng4 Ng5 25. Qe2 Bxd5 26. Bxd5 Qh4 27. Ne3 g6 28. Rg4 Qh5
29. Nf1 Nf6 30. Ng3 Qxg4 31. hxg4 Nxd5 32. exd5 f5 33. c4 f4 34. Ne4 Nf7 35.
Nf6+ Kg7 36. Nd7 g5 37. Nxb8 Rxb8 38. f3 Rc8 39. Rc1 e4 40. dxe4 Ne5 41. c5 dxc5
42. Rxc5 Rb8 43. Rxb5 Rh8 44. d6 Re8 45. Qd1 Nf7 46. Rb7 Kf6 47. Qd4+ 1-0

[Event "Revanche"]
[Site "http://www.queenalice.com/game.php?id=442534"]
[Date "2008.8.2"]
[Round "-"]
[White "Lu_pqd"]
[Black "Deco30"]
[Result "1-0"]
[WhiteElo "1373"]
[BlackElo "1499"]

1. e4 e5 2. Nf3 Nc6 3. Bc4 Bc5 4. d4 Bb4+ 5. c3 Bd6 6. Ng5 f6 7. Nf7 Qe7 8. Nxh8
Na5 9. Bxg8 Qf8 10. Qh5+ Ke7 11. Qxh7 exd4 12. Bh6 Bc5 13. Ng6+ Ke8 14. Nxf8
Bxf8 15. Bxg7 Bxg7 16. Qxg7 c5 17. Qxf6 Nc6 18. Qf7+ 1-0

[Event "Estou de volta!!!"]
[Site "http://www.queenalice.com/game.php?id=498961"]
[Date "2008.11.27"]
[Round "-"]
[White "Deco30"]
[Black "Lu_pqd"]
[Result "0-1"]
[WhiteElo "1583"]
[BlackElo "1461"]

1. e4 e5 2. Nf3 Qf6 3. Bc4 Bc5 4. O-O d6 5. d3 Qg6 6. Re1 Bg4 7. Nbd2 Nd7 8. c3
a5 9. d4 Bb6 10. a4 Ne7 11. h3 Bh5 12. g4 Nf6 13. b4 Bxg4 14. hxg4 Qxg4+ 15. Kh2
axb4 16. Rg1 Qf4+ 17. Kg2 bxc3 18. Nb3 Qxe4 19. Be3 d5 20. Bb5+ c6 21. Bd3 Qg4+
22. Kf1 Qh3+ 23. Ke1 e4 24. Ng5 Qh2 25. Rf1 exd3 26. Qxd3 h6 27. Nf3 Qg2 28. Nh4
Qg4 29. Rh1 g5 30. a5 Bc7 31. f3 Qh5 32. Bf2 gxh4 33. Rxh4 Qg5 34. f4 Qg2 35.
Qe2 Ne4 36. Qf1 Qg6 37. Be3 Nf5 38. Rh3 Qe6 39. Ra2 Nxe3 40. Rxe3 Qg4 41. Rg2
Qh4+ 42. Kd1 Qh5+ 43. Kc2 f5 44. Nc5 Bxa5 45. Ne6 Qf7 46. Ng7+ Kd8 47. Rg1 Bb6
48. Rd3 Ra2+ 49. Kb1 Rb2+ 50. Kc1 Rg8 51. Rg2 Rxg2 52. Qxg2 Rxg7 53. Qh2 Qg6 54.
Rd1 Bc7 55. Qh4+ Kc8 56. Kc2 Qg2+ 57. Kc1 Qb2# 0-1

[Event "Brothers !!!"]
[Site "http://www.queenalice.com/game.php?id=583615"]
[Date "2009.5.5"]
[Round "-"]
[White "LeandroSouza"]
[Black "Lu_pqd"]
[Result "0-1"]
[WhiteElo "1637"]
[BlackElo "1496"]

1. e4 d5 2. e5 Nc6 3. d4 Bf5 4. f4 Nb4 5. Na3 f6 6. e6 Qd6 7. Qe2 c5 8. c3 Nd3+
9. Kd1 cxd4 10. cxd4 Nb4 11. Qb5+ Nc6 12. Qxb7 Rb8 13. Nb5 Rxb7 14. Nxd6+ exd6
15. Nf3 Nb4 16. Ne1 Rc7 17. Bd3 Nxd3 18. Nxd3 Bxd3 19. g4 Rc2 20. f5 Ne7 21. h4
Nc6 22. a3 Nxd4 23. Be3 Be2+ 24. Ke1 Nb3 25. Rb1 d4 26. Rh2 dxe3 27. Rxe2 Nd2
28. Kd1 Nxb1 29. Kxc2 Nd2 30. Rxe3 Nc4 31. Rc3 Nb6 32. Rc7 Be7 33. Rxa7 Bd8 34.
Rxg7 Be7 35. g5 h6 36. gxh6 Rxh6 37. Rg8+ Bf8 38. Rg4 Rh5 39. Rb4 Nc8 40. Rb8
Rxf5 41. Rxc8+ Ke7 42. a4 Bh6 43. Rh8 Rc5+ 44. Kb3 Bd2 45. Rh7+ Kxe6 46. h5 d5
47. h6 Rc8 48. Rg7 Bxh6 49. Rh7 Bc1 50. a5 Rb8+ 51. Kc2 Bxb2 52. a6 Bd4 53. Rb7
Ra8 54. Kd3 Bc5 55. Rb5 Bf2 56. Ke2 Ba7 57. Kd3 d4 58. Ke4 Re8 59. Kd3 f5 60.
Rb7 Ra8 61. Kc4 f4 62. Rb5 Rc8+ 63. Kd3 f3 64. Rb7 Rc3+ 65. Kd2 Bc5 66. Rc7 Kd6
67. a7 Ra3 68. Rf7 Bxa7 69. Rf6+ Ke7 70. Rf5 Ke6 71. Rf4 Re3 72. Rf8 Bc5 73.
Re8+ Be7 74. Rh8 f2 75. Rh1 Bb4+ 76. Kd1 Re1+ 77. Rxe1+ fxe1=Q+ 78. Kc2 Qc3+ 79.
Kd1 Qd2# 0-1

[Event "Challenge"]
[Site "http://www.queenalice.com/game.php?id=616958"]
[Date "2009.7.11"]
[Round "-"]
[White "Legiao"]
[Black "Lu_pqd"]
[Result "0-1"]
[WhiteElo "1140"]
[BlackElo "1493"]

1. e3 e5 2. Qf3 d5 3. e4 dxe4 4. Qxe4 Nf6 5. Qxe5+ Be6 6. d4 Bd6 7. Qb5+ Nc6 8.
Qxb7 Nxd4 9. Bb5+ Nxb5 10. Qxb5+ Nd7 11. Bg5 f6 12. Bh4 Rb8 13. Qh5+ g6 14. Qh6
Qe7 15. Nc3 Nc5 16. Nb5 Rxb5 17. a4 Rxb2 18. Kd1 Bf5 19. Nf3 Bxc2+ 20. Kc1 Nd3+
21. Kd2 Bb4# 0-1

[Event "Aluno vs Professor"]
[Site "http://www.queenalice.com/game.php?id=701221"]
[Date "2009.12.21"]
[Round "-"]
[White "Lu_pqd"]
[Black "roda"]
[Result "0-1"]
[WhiteElo "1538"]
[BlackElo "2019"]

1. e4 e5 2. Nf3 Nf6 3. Bc4 h6 4. Nxe5 d5 5. exd5 Nxd5 6. Qf3 Be6 7. d4 c6 8. Nc3
Qe7 9. Nxd5 Bxd5 10. Bxd5 cxd5 11. Qxd5 f6 12. O-O fxe5 13. Re1 Nc6 14. dxe5 Rd8
15. Qe4 Qe6 16. f4 Bc5+ 17. Kf1 O-O 18. Be3 Bxe3 19. Rxe3 g5 20. Rg3 Nxe5 21. h4
Rxf4+ 22. Qxf4 Rf8 23. Qxf8+ Kxf8 24. b3 Qa6+ 25. c4 gxh4 26. Re3 Ng4 27. Re4
Qf6+ 28. Ke2 Qf2+ 29. Kd1 Qxg2 30. Re2 Nf2+ 31. Kd2 Ne4+ 32. Ke3 Qg4 33. Rf1+
Kg7 34. Rf4 Qg3+ 35. Kxe4 h3 36. Rf3 Qg6+ 37. Ke3 Qg1+ 38. Kd2 h2 39. Rh3 h1=Q
40. Rxh1 Qxh1 41. Re7+ Kf8 42. Rxb7 Qxb7 43. Kc3 h5 44. a4 h4 45. a5 h3 46. b4
h2 47. b5 h1=Q 48. a6 Qhf3+ 49. Kb4 Qe7+ 50. c5 Qee4+ 51. Ka5 Qa3# 0-1